Programming .NET 3.5

Gespeichert in:
Bibliographische Detailangaben
Hauptverfasser: Liberty, Jesse (Verfasst von), Horovitz, Alex (Verfasst von)
Format: Buch
Sprache:Englisch
Veröffentlicht: Sebastopol : O'Reilly Media, 2008
Schlagworte:
Tags: Tag hinzufügen
Keine Tags, Fügen Sie das erste Tag hinzu!

MARC

LEADER 00000nam a22000003a 4500
001 stu181147
005 20150617225610.4
008 090309s2008----xxu-----------------eng-d
020 |a 978-0-596-52756-3 
040 |a STU  |b slo 
041 0 |a eng 
044 |a xxu 
080 |a 004.43 
100 1 |a Liberty, Jesse  |4 aut 
245 1 |a Programming .NET 3.5 
260 |a Sebastopol :  |b O'Reilly Media,  |c 2008 
300 |a 455 s 
650 7 |a programovacie jazyky  |2 stusub 
650 7 |a .NET  |2 stusub 
700 1 |a Horovitz, Alex  |4 aut 
996 |b 284EK87938  |c E*87938  |l EE30  |s P  |a 0  |w stu181147_0001